000
00204nam a2200085Ia 4500
008
120527s9999 xx 000 0 und d
100
_a
EDWARDS,B.Rem.
245
_a
Forms of value and valuation.
942
_c
BK
999
_c
23866
_d
23866